Noticias y documentos acerca de las Californias, 1764-1795. (Record no. 189701)
[ view plain ]
| 000 -LEADER | |
|---|---|
| campo de control de longitud fija | 00710nam a2200181 i 4500 |
| 001 - NÚMERO DE CONTROL | |
| campo de control | 189701 |
| 003 - IDENTIFICADOR DE NÚMERO DE CONTROL | |
| campo de control | ES-MaACL |
| 005 - FECHA Y HORA DE LA ÚLTIMA TRANSACCIÓN | |
| campo de control | 20230906223532.0 |
| 008 - DATOS DE LONGITUD FIJA--INFORMACIÓN GENERAL | |
| campo de control de longitud fija | 190909s1959 sp |||| | spa d |
| 245 00 - MENCIÓN DEL TÍTULO | |
| Título | Noticias y documentos acerca de las Californias, 1764-1795. |
| 260 ## - PUBLICACIÓN, DISTRIBUCIÓN, ETC. | |
| Lugar de publicación, distribución, etc. | Madrid : |
| Nombre del editor, distribuidor, etc. | José Porrúa Turanzas, |
| Fecha de publicación, distribución, etc. | 1959. |
| 300 ## - DESCRIPCIÓN FÍSICA | |
| Extensión | 253 p., 2 map. pleg. ; |
| Dimensiones | 25 cm. |
| 490 1# - MENCIÓN DE SERIE | |
| Mención de serie | Colección Chimalistac de libros y documentos acerca de la Nueva España ; |
| Designación de volumen o secuencia | 5 |
| 651 #4 - PUNTO DE ACCESO ADICIONAL DE MATERIA--NOMBRE GEOGRÁFICO | |
| Nombre geográfico | California (Estados Unidos, Estado)- |
| Subdivisión general | Historia- |
| Subdivisión cronológica | Hasta 1846. |
| 9 (RLIN) | 174579 |
| 830 1# - PUNTO DE ACCESO ADICIONAL DE SERIE-TÍTULO UNIFORME | |
| Título uniforme | Colección Chimalistac de libros y documentos acerca de la Nueva España ; |
| Designación de volumen o secuencia | 5 |
| 9 (RLIN) | 182539 |
| 852 4# - LOCALIZACIÓN | |
| Ubicación | ES-MaACL |
| Número de control de estantería | P-798-3 |
| Estatus retirado | Estado de pérdida | Estado de daño | No para préstamo | Biblioteca de origen | Biblioteca actual | Ubicación en estantería | Fecha de adquisición | Fuente de adquisición | Total de préstamos | Signatura topográfica completa | Código de barras | Visto por última vez | Precio de reemplazo | Tipo de ítem Koha |
|---|---|---|---|---|---|---|---|---|---|---|---|---|---|---|
| Biblioteca del Ateneo de Madrid | Biblioteca del Ateneo de Madrid | Depósito 2 | 09/09/2019 | P-798-3 | 1201093 | 23/02/2023 | 23/02/2023 | Libro impreso |
